000
00363nam a2200133Ia 4500
008
151001s9999||||xx |||||||||||||| ||und||
100
_a
Wesley brown
245
_a
imagining America
250
_a
1
260
_b
ubs publishing
260
_c
1995
300
_a
184
365
_b
21
999
_c
974916
_d
974913